Ionen, Konzentrationen und Transporter - Statistiken

Allgemein
  • Dieses Quiz wurde 3 mal gespielt
  • Das Durchschnittsergebnis liegt bei 12 aus 31
Antwortstatistiken
Antwort Hint % Korrekt
K+ wichtig für Ruhepotential und Repolarisation
100%
Na+ verantwortlich für Aktionspotential, Ruhepotential und osmotisches Gleichgewicht mit Cl-
100%
0,1 μM intrazelluläre Konzentration von Ca2+ in nicht erregten tierischen Zellen
50%
100 nM intrazelluläre Ca2+-Konzentration unerregter tierischer Zellen in nM
50%
10 mM intrazelluläre Konzentration von Na+
50%
120 mM extrazelluläre Konzentration von Na+
50%
120 mM extrazelluläre Konzentration von Cl-
50%
140 mM intrazelluläre Konzentration von K+
50%
2 mM extrazelluläre Konzentration von Ca2+
50%
3 mM intrazelluläre Konzentration von Cl-
50%
4 mM extrazelluläre Konzentration von K+
50%
Aequorin Lumineszenzstoff bei der historischen Ca2+-Messung im Muskel
50%
Ca2+ wichtiger second Messenger und regt depolarisierenden Einwärtsstrom an
50%
Cl- wichtig für Ruhepotential und osmotisches Gleichgewicht mit Na+
50%
Digitoxin pharmakologischer Hemmstoff der Na+-K+-ATPase
50%
Hyperpolarisation Effekt aktivierter Ca2+-gesteuerter K+-Kanäle auf das Membranpotential
50%
INSP3R Kanäle/Transporter der ER-Membran für intrazellulären Ca2+-Speicher
50%
Na+-K+-ATPase alternativer Name der Na+-K+-Pumpe
50%
Na+-K+-Pumpe hält niedrige [Na+]i und hohe [K+]i aufrecht
50%
Ouabain pharmakologischer Hemmstoff der Na+-K+-ATPase
50%
RyR Kanäle/Transporter der ER-Membran für intrazellulären Ca2+-Speicher
50%
SERCA-Pumpe Transporter der Ca2+-Regulation im ER
50%
0,1*10^-6 M intrazelluläre Ca2+-Konzentration unerregter tierischer Zellen in mol/L
0%
2 K+ nach innen transportierte Teilchen pro Zyklus der Na+-K+-ATPase
0%
3 Na+ nach außen transportierte Teilchen pro Zyklus der Na+-K+-ATPase
0%
Ca2+-Kanäle Transporter/Kanäle der Ca2+-Regulation in der Zellmembran
0%
Depolarisation Effekt des Na+/Ca2+-Antiporters auf das Membranpotential
0%
hohe Ca2+-Konzentration kann laut PDF Ca2+-Freisetzung aus dem ER induzieren
0%
hyperpolarisiert Wirkung der Na+-K+-ATPase auf die Zelle
0%
Na+-Ca2+-Antiporter Transporter der Ca2+-Regulation in der Zellmembran
0%
PM-Ca2+-ATPase Transporter der Ca2+-Regulation in der Zellmembran
0%
Keine übereinstimmenden Quizze gefunden
Verteilung der Resultate
Anzahl Personen mit jedem Resultat
Perzentil nach korrekt beantworteten Fragen
Ihre Resultats-Entwicklung
Sie haben dieses Quiz noch nicht gespielt